<?xml version="1.0" encoding="UTF-8"?><?xml-stylesheet type="text/xsl" href="static/style.xsl"?><OAI-PMH xmlns="http://www.openarchives.org/OAI/2.0/" xmlns:xsi="http://www.w3.org/2001/XMLSchema-instance" xsi:schemaLocation="http://www.openarchives.org/OAI/2.0/ http://www.openarchives.org/OAI/2.0/OAI-PMH.xsd"><responseDate>2026-04-17T03:14:14Z</responseDate><request verb="GetRecord" identifier="oai:www.recercat.cat:10256/13007" metadataPrefix="marc">https://recercat.cat/oai/request</request><GetRecord><record><header><identifier>oai:recercat.cat:10256/13007</identifier><datestamp>2024-06-18T11:07:23Z</datestamp><setSpec>com_2072_452955</setSpec><setSpec>com_2072_2054</setSpec><setSpec>col_2072_452959</setSpec><setSpec>col_2072_453080</setSpec></header><metadata><record xmlns="http://www.loc.gov/MARC21/slim" xmlns:dcterms="http://purl.org/dc/terms/" xmlns:xsi="http://www.w3.org/2001/XMLSchema-instance" xmlns:doc="http://www.lyncode.com/xoai" xsi:schemaLocation="http://www.loc.gov/MARC21/slim http://www.loc.gov/standards/marcxml/schema/MARC21slim.xsd">
   <leader>00925njm 22002777a 4500</leader>
   <datafield ind2=" " ind1=" " tag="042">
      <subfield code="a">dc</subfield>
   </datafield>
   <datafield ind2=" " ind1=" " tag="720">
      <subfield code="a">Srean, Pao</subfield>
      <subfield code="e">author</subfield>
   </datafield>
   <datafield ind2=" " ind1=" " tag="720">
      <subfield code="a">Almeida Real, David</subfield>
      <subfield code="e">author</subfield>
   </datafield>
   <datafield ind2=" " ind1=" " tag="720">
      <subfield code="a">Rubio Gracia, Francesc Manel</subfield>
      <subfield code="e">author</subfield>
   </datafield>
   <datafield ind2=" " ind1=" " tag="720">
      <subfield code="a">Luo, Yiping</subfield>
      <subfield code="e">author</subfield>
   </datafield>
   <datafield ind2=" " ind1=" " tag="720">
      <subfield code="a">Luo, Yiping</subfield>
      <subfield code="e">author</subfield>
   </datafield>
   <datafield ind2=" " ind1=" " tag="720">
      <subfield code="a">García-Berthou, Emili</subfield>
      <subfield code="e">author</subfield>
   </datafield>
   <datafield ind2=" " ind1=" " tag="260">
      <subfield code="c">info:eu-repo/date/embargoEnd/2026-01-01</subfield>
   </datafield>
   <datafield ind2=" " ind1=" " tag="260">
      <subfield code="c">info:eu-repo/date/embargoEnd/2026-01-01</subfield>
   </datafield>
   <datafield ind2=" " ind1=" " tag="260">
      <subfield code="c">2016-01-01</subfield>
   </datafield>
   <datafield ind2=" " ind1=" " tag="520">
      <subfield code="a">In freshwater ecosystems, abiotic factors such as flow regime and water quality are considered important predictors of ecosystem invasibility. The aim of this study was to investigate the critical swimming capacity and metabolism of the eastern mosquitofish, Gambusia holbrooki, focusing on sex and size effects, to evaluate the influence of water flow on its invasive success. Specimens of mosquitofish were captured from the Ter Vell lagoon (L'Estartit, north-eastern Spain) in July 2014, and we measured the critical swimming speed (Ucrit) and oxygen consumption of individual fish (30 females and 30 males) using a mini swim tunnel. The mean Ucrit of this poeciliid fish was estimated at 14.11 cm·s-1 (range = 4.85-22.26), which is lower than that of many other fishes of similar size and confirms that this species is limnophilic and its invasive success might be partially explained by hydrologic alterations. However, the Ucrit and maximal metabolic rate vary markedly with fish size and sex, with males having much higher values for the same body mass, and thus probably being more resistant to strong water flows. Multiple regression models illustrate that multivariate analyses might increase the predictive power and understanding of swimming performance and metabolic traits, compared to results from conventional simple regressions</subfield>
   </datafield>
   <datafield ind2=" " ind1=" " tag="520">
      <subfield code="a">This research was supported by the Spanish Ministry of Economy and Competitiveness (project CGL2013-43822-R), the Government of Catalonia (ref. 2014 SGR 484), the European Commission (COST Action TD1209) and the Brazilian Ministry of Education (CAPES, ref. 88881.068352/2014-01). P.S. and Y.L. benefitted from fellowships from the European Commission (Erasmus Mundus Partnership ‘Techno’, 204323-1-2011-1-FR-EMA21)</subfield>
   </datafield>
   <datafield ind1="8" ind2=" " tag="024">
      <subfield code="a">http://hdl.handle.net/10256/13007</subfield>
   </datafield>
   <datafield tag="653" ind2=" " ind1=" ">
      <subfield code="a">Invasions biològiques</subfield>
   </datafield>
   <datafield tag="653" ind2=" " ind1=" ">
      <subfield code="a">Biological invasions</subfield>
   </datafield>
   <datafield tag="653" ind2=" " ind1=" ">
      <subfield code="a">Animals invasors</subfield>
   </datafield>
   <datafield tag="653" ind2=" " ind1=" ">
      <subfield code="a">Introduced organisms</subfield>
   </datafield>
   <datafield tag="653" ind2=" " ind1=" ">
      <subfield code="a">Ecologia d'aigua dolça</subfield>
   </datafield>
   <datafield tag="653" ind2=" " ind1=" ">
      <subfield code="a">Freshwater ecology</subfield>
   </datafield>
   <datafield tag="653" ind2=" " ind1=" ">
      <subfield code="a">Peixos d'aigua dolça</subfield>
   </datafield>
   <datafield tag="653" ind2=" " ind1=" ">
      <subfield code="a">Freshwater fishes</subfield>
   </datafield>
   <datafield tag="653" ind2=" " ind1=" ">
      <subfield code="a">Gambusia holbrooki</subfield>
   </datafield>
   <datafield tag="653" ind2=" " ind1=" ">
      <subfield code="a">Eastern mosquitofish</subfield>
   </datafield>
   <datafield ind2="0" ind1="0" tag="245">
      <subfield code="a">Effects of size and sex on swimming performance and metabolism of invasive mosquitofish Gambusia holbrooki</subfield>
   </datafield>
</record></metadata></record></GetRecord></OAI-PMH>